[Event "Copenhagen Challenge"]
[Site "Ballerup"]
[Date "2012.05.06"]
[Round "8"]
[White "Kunz, Lene"]
[Black "Kunz, Lene"]
[Result "1/2-1/2"]
[WhiteElo "1701"]
[BlackElo "1701"]
[PlyCount "138"]
[EventDate "2012.05.02"]
[EventType "swiss"]
[EventRounds "9"]
[EventCountry "DEN"]
[SourceTitle "CBM 148 Extra"]
[Source "ChessBase"]
[SourceDate "2012.06.22"]
[SourceVersion "1"]
[SourceVersionDate "2012.06.22"]
[SourceQuality "1"]

1. e4 e5 2. Nf3 Nc6 3. Bb5 a6 4. Ba4 Nf6 5. 0-0 d6 6. Re1 Be7 7. c3 0-0 8. h3 Be6 9. d4 b5 10. Bc2 Bd7 11. Be3 Qc8 12. Nbd2 Ne8 13. Ng5 h6 14. Ngf3 a5 15. d5 Na7 16. Nh2 Nf6 17. Qf3 c6 18. Ndf1 b4 19. c4 cxd5 20. exd5 Qxc4 21. Bb3 Qh4 22. Ng3 e4 23. Nxe4 Nxe4 24. Bxa7 Nd2 25. Qe3 Nxb3 26. axb3 Bf6 27. Nf3 Qh5 28. Rxa5 Rfe8 29. Qd2 Qg6 30. Rxe8+ Rxe8 31. Kh2 Bf5 32. Bd4 Bxd4 33. Nxd4 Bd3 34. Nc6 Bf1 35. f3 Kh7 36. Nd4 Qf6 37. Kg1 Bxg2 38. Kxg2 Qg6+ 39. Kh2 Qb1 40. Ne2 Qf1 41. Qd3+ g6 42. Nf4 Qf2+ 43. Ng2 Re2 44. Qxe2 Qxe2 45. Ra4 Qxf3 46. Rxb4 h5 47. Rb8 Qxd5 48. b4 Qe5+ 49. Kh1 d5 50. Rb7 Qf5 51. Kh2 g5 52. b5 d4 53. b6 d3 54. Re7 Qc8 55. Rxf7+ Kg6 56. Rf1 Qb8+ 57. Kh1 Qxb6 58. Rd1 Qb3 59. Ne3 Qb7+ 60. Kg1 Qe4 61. Nf1 Qe2 62. Rd2 Qf3 63. Rh2 h4 64. Nd2 Qd1+ 65. Nf1 Qe1 66. Rd2 Qe4 67. Rh2 Kh5 68. Rg2 Qf3 69. Rh2 Qf4 1/2-1/2